Las Ventas una profesin̤ para gente superior

Bibliographic Details
Main Author: Prieto Herrera, Jorge Eličer
Format: eBook
Language:Spanish
Published: Bogot ̀: ECOE, 2005
Subjects:
Online Access:http://www.vlex.com/source/6848

MARC

LEADER 00000nam a22000007a 4500
005 20130125120044.0
007 cr|||| ||||
008 130125e2005 ck |||||s|||| 00||0 spa d
020 |a 9586484068 
035 |a 6848 
040 |a vLex 
090 |c 3605  |d 3605 
100 1 0 |a Prieto Herrera, Jorge Eličer 
245 1 4 |a Las Ventas  |b una profesin̤ para gente superior  |h [Recurso electrn̤ico] 
256 |a Servicio en ln̕ea 
260 |a Bogot ̀:  |b ECOE,   |c 2005  
300 |a 1 Recurso electrn̤ico 
650 0 4 |a Marketing 
650 0 4 |a Empresas 
650 0 4 |a Comercio 
650 0 4 |a Venda 
740 |a vLex Libros (Servicio en ln̕ea) 
856 |a Acceso restringido  |u http://www.vlex.com/source/6848 
942 |c BOOK 
999 0 |a Marketing